|
|
|
|
| LEADER |
01389nam a2200349 a 4500 |
| 001 |
3055790 |
| 008 |
110714s1997 caua 001 0 eng d |
| 010 |
|
|
|a 96070747
|
| 020 |
|
|
|a 8170298296
|
| 020 |
|
|
|a 0782119417
|
| 040 |
|
|
|a NR
|c NR
|d DLC
|d BD-DhAAL
|
| 042 |
|
|
|a lccopycat
|
| 082 |
0 |
0 |
|a 005.75/65
|2 21
|
| 100 |
1 |
|
|a Litwin, Paul.
|
| 245 |
1 |
0 |
|a Access 97 developer's handbook /
|c Paul Litwin, Ken Getz, Mike Gilbert.
|
| 250 |
|
|
|a 3rd ed.
|
| 260 |
|
|
|a San Francisco :
|b Sybex ;
|a New Delhi :
|b BPB Publications,
|c c1997.
|
| 300 |
|
|
|a xxxviii, 1544 p. :
|b ill. ;
|c 23 cm. +
|e 1 computer laser optical disc (4 3/4 in.)
|
| 538 |
|
|
|a System requirements for computer laser optical disc: IBM-compatible PC; DOS; Windows; hard disk.
|
| 500 |
|
|
|a Rev. ed. of: Microsoft Access 95 developer's handbook.
|
| 500 |
|
|
|a Includes index.
|
| 541 |
|
|
|e 00007310
|
| 650 |
|
0 |
|a Database management.
|
| 650 |
|
0 |
|a Operating systems (Computers)
|
| 630 |
0 |
0 |
|a Microsoft Access.
|
| 630 |
0 |
0 |
|a Microsoft Windows (Computer file)
|
| 700 |
1 |
|
|a Getz, Ken.
|
| 700 |
1 |
|
|a Gilbert, Mike.
|
| 700 |
1 |
|
|a Litwin, Paul.
|t Microsoft Access 95 developer's handbook.
|
| 852 |
1 |
|
|a Ayesha Abed Library
|c General Shelf.
|
| 999 |
|
|
|c 11082
|d 11082
|
| 952 |
|
|
|0 0
|1 0
|2 ddc
|4 0
|6 005_756500000000000_LIT
|7 0
|9 17453
|a BRACUL
|b BRACUL
|c GEN
|d 2011-07-15
|l 1
|m 13
|o 005.7565 LIT
|p 3010007310
|r 2012-09-03
|s 2012-06-23
|t 1
|w 2011-07-15
|y BK
|